[Event "Lietuvos BM10-BM18"]
[Site "Vilnius"]
[Date "2021.06.02"]
[Round "1.1"]
[White "Boyajyan, David"]
[Black "Stremavicius, Pijus"]
[Result "0-1"]
[WhiteElo "1900"]
[BlackElo "2228"]
[PlyCount "40"]
[EventDate "2021.??.??"]

1. d4 Nf6 2. Nf3 b6 3. g3 Bb7 4. Bg2 g6 5. c4 Bg7 6. Nc3 Ne4 7. O-O Nxc3 8.
bxc3 O-O 9. Qc2 Nc6 10. Nd2 Na5 11. Bxb7 Nxb7 12. e4 e6 13. e5 d6 14. Qe4 Na5
15. Ba3 Qd7 16. Rad1 Rad8 17. c5 Qa4 18. Bb4 bxc5 19. dxc5 d5 20. Qe2 Nc6 0-1

[Event "Lietuvos BM10-BM18"]
[Site "Vilnius"]
[Date "2021.06.02"]
[Round "1.2"]
[White "Butvilas, Aistis"]
[Black "Likatavicius, Rapolas"]
[Result "1/2-1/2"]
[WhiteElo "2115"]
[BlackElo "1896"]
[PlyCount "69"]
[EventDate "2021.??.??"]

1. d4 d5 2. c4 e6 3. Nc3 Nf6 4. cxd5 exd5 5. Bg5 c6 6. e3 Nbd7 7. Bd3 Bd6 8.
Nf3 Nf8 9. Qc2 Ne6 10. Bh4 g6 11. O-O Ng7 12. e4 dxe4 13. Nxe4 Be7 14. Nxf6+
Bxf6 15. Rfe1+ Ne6 16. Bxf6 Qxf6 17. d5 cxd5 18. Qc5 Qe7 19. Bb5+ Bd7 20. Bxd7+
Qxd7 21. Ng5 Rc8 22. Nxe6 fxe6 23. Qa3 b6 24. Re5 Qe7 25. Qa4+ Kf7 26. Rae1
Rhe8 27. b3 Rc7 28. h4 Rec8 29. Qf4+ Qf6 30. Qh6 Qg7 31. Qf4+ Qf6 32. Qxf6+
Kxf6 33. Rxe6+ Kf7 34. Rd6 Re7 35. Rxe7+ 1/2-1/2

[Event "Lietuvos BM10-BM18"]
[Site "Vilnius"]
[Date "2021.06.02"]
[Round "1.4"]
[White "Karaliute, Vestina"]
[Black "Meskauskaite, Gabija"]
[Result "0-1"]
[WhiteElo "1307"]
[BlackElo "1205"]
[PlyCount "50"]
[EventDate "2021.??.??"]

1. d4 d5 2. Nf3 Nf6 3. Bg5 e6 4. e3 Be7 5. Nbd2 O-O 6. Ne5 Nbd7 7. f4 h6 8. Bh4
Ne4 9. Nxe4 Bxh4+ 10. Ng3 b6 11. Bd3 Bb7 12. O-O c5 13. Qg4 f5 14. Bxf5 Nxe5
15. Bxe6+ Nf7 16. Nf5 Qf6 17. Nxg7 Qxg7 18. Qxh4 Rae8 19. f5 Kh8 20. Rf3 Ng5
21. Rg3 Qf6 22. Qh5 Rxe6 23. fxe6 Qf2+ 24. Kh1 Qf1+ 25. Rxf1 Rxf1# 0-1

[Event "Lietuvos BM10-BM18"]
[Site "Vilnius"]
[Date "2021.06.02"]
[Round "1.5"]
[White "Staskeviciute, Darija"]
[Black "Plutaite, Ausra"]
[Result "0-1"]
[WhiteElo "1564"]
[BlackElo "1484"]
[PlyCount "128"]
[EventDate "2021.??.??"]

1. d4 e6 2. c4 d5 3. Nf3 Nf6 4. Nc3 Be7 5. e3 O-O 6. Bd3 Nbd7 7. O-O dxc4 8.
Bxc4 a6 9. a4 c5 10. d5 Nb6 11. Qe2 Nxc4 12. Qxc4 exd5 13. Qd3 Be6 14. Rd1 Qc8
15. b3 Ne4 16. Bb2 Bf6 17. Rab1 Nxc3 18. Bxc3 Bf5 19. Qd2 Bxc3 20. Qxc3 Bxb1
21. Rxb1 b5 22. axb5 axb5 23. Qd3 c4 24. Qxd5 cxb3 25. Qxb3 Qc4 26. Qd1 h6 27.
h3 Rfd8 28. Qe1 Rab8 29. Qa5 b4 30. Nd4 Rdc8 31. Qf5 Rb6 32. Qd7 Rf6 33. Nf3
Rb8 34. Qa4 Qc3 35. Nd4 Qd2 36. Nf3 Qc3 37. Nd4 b3 38. Rxb3 Rxb3 39. Qxb3 Qe1+
40. Kh2 Rxf2 41. Qb8+ Kh7 42. Qg3 Rf1 43. Qxe1 Rxe1 44. Nf5 g6 45. Nd6 f5 46.
Nc4 Rc1 47. Nd2 Rc3 48. Nf1 Kg7 49. Kg3 Kf6 50. Kf3 Ke5 51. Ke2 Rc2+ 52. Kf3 h5
53. Ng3 h4 54. Nf1 Ra2 55. g3 hxg3 56. Kxg3 Ke4 57. h4 Rb2 58. h5 gxh5 59. Kh4
Kf3 60. Kh3 Rg2 61. Kh4 Ke2 62. Ng3+ Rxg3 63. Kxg3 Kxe3 64. Kg2 f4 0-1

[Event "Lietuvos BM10-BM18"]
[Site "Vilnius"]
[Date "2021.06.02"]
[Round "1.6"]
[White "Liandzbergas, Mykolas"]
[Black "Greicius, Pijus"]
[Result "0-1"]
[WhiteElo "1430"]
[BlackElo "2004"]
[PlyCount "52"]
[EventDate "2021.??.??"]

1. e4 e5 2. Nf3 Nc6 3. d4 exd4 4. c3 dxc3 5. Nxc3 Bc5 6. Bc4 d6 7. O-O Nge7 8.
Bg5 O-O 9. Nd5 Be6 10. Nxe7+ Nxe7 11. Qb3 Qd7 12. Rad1 Ng6 13. Rd2 Bxc4 14.
Qxc4 Qc6 15. Qd5 Qxd5 16. exd5 Rfe8 17. Bh4 Nxh4 18. Nxh4 Re4 19. Nf3 Rae8 20.
h3 Re2 21. a3 Rxd2 22. Nxd2 Re2 23. Nc4 Rc2 24. b3 b5 25. Na5 Ra2 26. Nc6 g6
0-1

[Event "Lietuvos BM10-BM18"]
[Site "Vilnius"]
[Date "2021.06.02"]
[Round "1.7"]
[White "Kuznecovas, Kevinas"]
[Black "Staponas, Zygimantas"]
[Result "1-0"]
[WhiteElo "1978"]
[BlackElo "1269"]
[PlyCount "43"]
[EventDate "2021.??.??"]

1. e4 c5 2. Nf3 Nc6 3. g3 g6 4. Bg2 Bg7 5. d3 d6 6. O-O e5 7. Be3 Nge7 8. Qd2
O-O 9. Nh4 f5 10. f4 exf4 11. Bxf4 Bxb2 12. Nc3 Bxa1 13. Rxa1 Nd4 14. Re1 Nec6
15. exf5 Bxf5 16. Nd5 Ne6 17. Nxf5 Nxf4 18. Nh6+ Kg7 19. Nxf4 Rf6 20. Bxc6 bxc6
21. Ng4 g5 22. Nh5+ 1-0

[Event "Lietuvos BM10-BM18"]
[Site "Vilnius"]
[Date "2021.06.02"]
[Round "1.8"]
[White "Pupka, Paulius"]
[Black "Povilaitis, Tomas"]
[Result "1/2-1/2"]
[WhiteElo "1258"]
[BlackElo "1903"]
[PlyCount "192"]
[EventDate "2021.??.??"]

1. e4 c5 2. Nf3 Nc6 3. Nc3 e5 4. Bc4 d6 5. h3 Be7 6. d3 Nf6 7. Nd5 O-O 8. Nxe7+
Qxe7 9. Bg5 Be6 10. Nd2 h6 11. Bh4 Bxc4 12. Nxc4 Qe6 13. Ne3 Ne7 14. Qf3 Ne8
15. Bxe7 Qxe7 16. Nf5 Qe6 17. Qg3 Kh7 18. O-O g6 19. Ne3 Ng7 20. Nd5 Rac8 21.
c4 f5 22. f3 Rf7 23. f4 Nh5 24. Qe3 Rcf8 25. exf5 Rxf5 26. g4 Rxf4 27. Nxf4
Nxf4 28. Rf3 Qf6 29. Kh2 Kg7 30. Raf1 Qh4 31. Qe1 Qxe1 32. Rxe1 Kf6 33. Kg3 Rd8
34. Rfe3 a6 35. b3 b5 36. Rf3 b4 37. h4 a5 38. Re2 a4 39. Re1 axb3 40. axb3 Ra8
41. Rb1 h5 42. g5+ Kf5 43. Rf2 Ra3 44. Rd2 Ke6 45. Rf2 Nxd3 46. Rf6+ Ke7 47.
Rxg6 Nf4 48. Rf6 Ne2+ 49. Kg2 Ra2 50. Rf2 Nf4+ 51. Kg3 Ra3 52. Rf3 Ne2+ 53. Kh2
Nd4 54. Rg3 Nf5 55. Rh3 Kf7 56. Rf3 Kg6 57. Kh3 e4 58. Rf4 e3 59. Re4 Ra2 60.
Re6+ Kg7 61. Re1 Rf2 62. R6xe3 Nxe3 63. Rxe3 Rc2 64. Kg3 Kg6 65. Kf4 Rd2 66.
Re4 Rf2+ 67. Kg3 Rd2 68. Kf4 Rd3 69. Re3 Rd1 70. Re4 Rf1+ 71. Kg3 Kf5 72. Re2
Rg1+ 73. Rg2 Rb1 74. Rf2+ Ke4 75. Rf3 Rg1+ 76. Kf2 Rg4 77. Re3+ Kf5 78. Rf3+
Kg6 79. Rh3 Rd4 80. Ke3 d5 81. cxd5 Rxd5 82. Rf3 Rd4 83. Rf4 Rd1 84. Rc4 Rh1
85. Kd2 Rh2+ 86. Kc1 Rh3 87. Kb2 Rh1 88. Kc2 Rh2+ 89. Kc1 Kf7 90. Kd1 Ke6 91.
Kc1 Kd5 92. Kb1 Rg2 93. Kc1 Rg1+ 94. Kb2 Rg2+ 95. Kb1 Rg4 96. Kb2 Rg2+ 1/2-1/2

[Event "Lietuvos BM10-BM18"]
[Site "Vilnius"]
[Date "2021.06.02"]
[Round "1.9"]
[White "Paknyte, Elzbieta"]
[Black "Morkunaite, Adrijana"]
[Result "1-0"]
[WhiteElo "1327"]
[BlackElo "1209"]
[PlyCount "59"]
[EventDate "2021.??.??"]

1. b3 Nf6 2. Bb2 d6 3. Nc3 g6 4. e3 Bg7 5. Bd3 O-O 6. h3 e5 7. Qe2 Nc6 8. O-O-O
Be6 9. f4 exf4 10. exf4 Re8 11. Qf2 Qd7 12. g4 Ne7 13. Rf1 Qc6 14. Nge2 Bd5 15.
Rh2 Ne4 16. Qe3 Nxc3 17. Nxc3 a6 18. Qg1 Nc8 19. Nxd5 Qxd5 20. Bxg7 Kxg7 21. h4
c5 22. h5 b5 23. hxg6 fxg6 24. f5 c4 25. Be2 Qe5 26. c3 cxb3 27. Qh1 Nb6 28.
Rxh7+ Kf6 29. Qh4+ g5 30. Qh6# 1-0

[Event "Lietuvos BM10-BM18"]
[Site "Vilnius"]
[Date "2021.06.02"]
[Round "1.11"]
[White "Jasas, Eimantas"]
[Black "Pidluznij, Gleb"]
[Result "0-1"]
[WhiteElo "1118"]
[BlackElo "2016"]
[PlyCount "38"]
[EventDate "2021.??.??"]

1. d4 Nf6 2. c4 g6 3. Nc3 Bg7 4. e4 d6 5. f3 O-O 6. Be3 b6 7. Qd2 c5 8. d5 e6
9. Bd3 exd5 10. exd5 Re8 11. g4 Bh6 12. Ne4 Nxe4 13. Bxe4 Qh4+ 14. Kf1 Bxe3 15.
Qxe3 f5 16. gxf5 gxf5 17. Ne2 fxe4 18. Rg1+ Kf7 19. Qc3 Bh3+ 0-1

[Event "Lietuvos BM10-BM18"]
[Site "Vilnius"]
[Date "2021.06.02"]
[Round "1.12"]
[White "Rudzkis, Vilius"]
[Black "Bertuzis, Kipras"]
[Result "1-0"]
[WhiteElo "1811"]
[BlackElo "1096"]
[PlyCount "83"]
[EventDate "2021.??.??"]

1. d4 d5 2. c4 Nf6 3. cxd5 Bf5 4. Nf3 Nxd5 5. Qb3 Nb6 6. Nc3 e6 7. e4 Bg6 8.
Be2 N8d7 9. O-O Be7 10. Bf4 a6 11. a4 Nf6 12. a5 Nbd7 13. e5 Nd5 14. Nxd5 exd5
15. Qxd5 c6 16. Qb3 Ra7 17. Rfd1 O-O 18. d5 cxd5 19. Qxd5 Nc5 20. Be3 Qxd5 21.
Rxd5 Rc8 22. Rc1 Raa8 23. Bxc5 Bxc5 24. Rdxc5 Rxc5 25. Rxc5 Kf8 26. h3 Rd8 27.
Rc7 Rb8 28. Nd2 b6 29. axb6 Rxb6 30. Nc4 Rb5 31. Ra7 a5 32. Rxa5 Rxa5 33. Nxa5
Ke7 34. Kf1 Ke6 35. f4 f6 36. g4 Be8 37. Bc4+ Ke7 38. e6 g6 39. f5 gxf5 40.
gxf5 Kd6 41. b4 Ke5 42. Bd3 1-0

[Event "Lietuvos BM10-BM18"]
[Site "Vilnius"]
[Date "2021.06.02"]
[Round "1.13"]
[White "Paliokas, Kajus"]
[Black "Milius, Ignas"]
[Result "0-1"]
[WhiteElo "1090"]
[BlackElo "1331"]
[PlyCount "66"]
[EventDate "2021.??.??"]

1. d4 d5 2. Nf3 Bf5 3. e3 c5 4. c3 Nc6 5. Bd3 Bg6 6. O-O e6 7. Re1 Nf6 8. Bxg6
hxg6 9. Nbd2 cxd4 10. cxd4 Bb4 11. Qa4 Qd6 12. Ne5 Ne4 13. Nxe4 dxe4 14. Re2 f6
15. a3 Ba5 16. b4 Bc7 17. Ng4 Rh4 18. f3 Rxg4 19. fxg4 Qxh2+ 20. Kf1 Bg3 21.
Rf2 Bxf2 22. Kxf2 Qh4+ 23. g3 Qxg4 24. Qb5 Qf3+ 25. Ke1 Qxg3+ 26. Ke2 Qf3+ 27.
Kd2 Qf2+ 28. Kd1 Qg1+ 29. Kc2 Qh2+ 30. Bd2 Rc8 31. Rc1 Qc7 32. Rh1 Kf7 33. d5
Nd4+ 0-1

[Event "Lietuvos BM10-BM18"]
[Site "Vilnius"]
[Date "2021.06.03"]
[Round "2.1"]
[White "Stremavicius, Pijus"]
[Black "Jablokov, Dmitrij"]
[Result "1/2-1/2"]
[WhiteElo "2228"]
[BlackElo "1964"]
[PlyCount "87"]
[EventDate "2021.??.??"]

1. e4 c6 2. Nc3 d5 3. Nf3 Bg4 4. h3 Bxf3 5. Qxf3 e6 6. Be2 Nd7 7. d4 dxe4 8.
Nxe4 Ngf6 9. O-O Nxe4 10. Qxe4 Nf6 11. Qd3 Be7 12. Bf3 O-O 13. Rd1 Qc7 14. c4
Rad8 15. Be3 Rfe8 16. Qc3 h6 17. Rac1 Bd6 18. g3 e5 19. c5 Bf8 20. dxe5 Nd7 21.
e6 Rxe6 22. Bf4 Qc8 23. Bg4 Re7 24. Bd6 Ree8 25. Bxf8 Rxf8 26. Qd3 Ne5 27. Qe4
Nxg4 28. hxg4 Rfe8 29. Qa4 Re2 30. b3 a6 31. Rd6 Rde8 32. Rcd1 h5 33. R1d4 hxg4
34. Rxg4 Qf5 35. Qd4 Qe5 36. Rd7 Qxd4 37. Rgxd4 R8e7 38. Rd8+ Kh7 39. a4 Rb2
40. b4 a5 41. bxa5 Rc2 42. a6 bxa6 43. R8d6 Re6 44. Rxe6 1/2-1/2

[Event "Lietuvos BM10-BM18"]
[Site "Vilnius"]
[Date "2021.06.03"]
[Round "2.2"]
[White "Bagvilas, Lukas"]
[Black "Bagdanskis, Dangis"]
[Result "1-0"]
[WhiteElo "2053"]
[BlackElo "1945"]
[PlyCount "49"]
[EventDate "2021.??.??"]

1. e4 c5 2. Nc3 Nc6 3. Bb5 Nd4 4. Bc4 d6 5. Nf3 Nxf3+ 6. Qxf3 e6 7. O-O a6 8.
d3 b5 9. Bb3 Bb7 10. Qg3 g6 11. f4 Ne7 12. f5 gxf5 13. Bg5 Qb6 14. exf5 f6 15.
Bxe6 fxg5 16. Qxg5 h5 17. f6 Kd8 18. fxe7+ Bxe7 19. Qg7 Re8 20. Rae1 c4+ 21. d4
Ra7 22. Bf7 Bc6 23. Bxe8 Bxe8 24. Nd5 Bh4 25. Rxe8+ 1-0

[Event "Lietuvos BM10-BM18"]
[Site "Vilnius"]
[Date "2021.06.03"]
[Round "2.3"]
[White "Maciuitis, Ignas"]
[Black "Butvilas, Aistis"]
[Result "0-1"]
[WhiteElo "1818"]
[BlackElo "2115"]
[PlyCount "118"]
[EventDate "2021.??.??"]

1. e4 c5 2. d4 cxd4 3. c3 dxc3 4. Nxc3 e6 5. Nf3 a6 6. Bc4 b5 7. Bb3 Bb7 8. Qe2
d6 9. O-O Nd7 10. Rd1 Be7 11. Bf4 Qb8 12. Ng5 Ngf6 13. Qe3 O-O 14. Qh3 Nc5 15.
Bc2 e5 16. b4 Ncd7 17. Nxh7 Rc8 18. Nxf6+ Nxf6 19. Bd2 Rc4 20. Bb3 Rxb4 21. Nd5
Nxd5 22. Bxb4 Nxb4 23. Qd7 Nc6 24. Bd5 Qc8 25. Bxc6 Qxd7 26. Bxd7 Bxe4 27. Rac1
Ra7 28. Be8 Bf5 29. Bc6 Kf8 30. Bd5 Bd8 31. Rc6 Ke7 32. h3 Bd7 33. Rc3 Bb6 34.
Rg3 Kf8 35. Rf3 f6 36. Rc3 Bc5 37. g4 a5 38. Kg2 b4 39. Rcc1 Ke7 40. Kg3 a4 41.
Rb1 Ra5 42. f4 Bd4 43. Bc4 d5 44. Rxb4 dxc4 45. Rxc4 a3 46. Kf3 Kd6 47. Ke4 Be6
48. Rc2 Ra4 49. fxe5+ fxe5 50. Rdd2 g6 51. Kf3 Bd5+ 52. Kg3 Rb4 53. h4 Rb2 54.
h5 gxh5 55. Re2 hxg4 56. Kxg4 Bxa2 57. Kg5 Bd5 58. Rxb2 axb2 59. Re1 Ba2 0-1

[Event "Lietuvos BM10-BM18"]
[Site "Vilnius"]
[Date "2021.06.03"]
[Round "2.4"]
[White "Plutaite, Ausra"]
[Black "Maciulaityte, Barbora"]
[Result "0-1"]
[WhiteElo "1484"]
[BlackElo "1640"]
[PlyCount "98"]
[EventDate "2021.??.??"]

1. e4 c5 2. Nc3 Nc6 3. f4 g6 4. Nf3 Bg7 5. Bb5 Nd4 6. O-O a6 7. Bc4 e6 8. d3
Ne7 9. e5 d6 10. Ne4 Nef5 11. c3 Nxf3+ 12. Qxf3 d5 13. Nxc5 dxc4 14. dxc4 O-O
15. Be3 Nxe3 16. Qxe3 b6 17. Ne4 Bb7 18. Rad1 Qc7 19. Nf2 Rfd8 20. b3 Bf8 21.
b4 Qxc4 22. Ng4 Be7 23. Nf6+ Bxf6 24. exf6 Qe4 25. Qh3 Qf5 26. Qh4 Qh5 27.
Rxd8+ Rxd8 28. Qf2 Rd1 29. Qxb6 Rxf1+ 30. Kxf1 Qd1+ 31. Kf2 Qd2+ 32. Kf1 Qxg2+
33. Ke1 Qe4+ 34. Kd2 Qxf4+ 35. Ke1 Qc1+ 36. Ke2 Qc2+ 37. Kf1 Qd1+ 38. Kf2 Qf3+
39. Ke1 Qxc3+ 40. Ke2 Bf3+ 41. Kf2 Qxf6 42. Kg3 Be2 43. h4 Qf3+ 44. Kh2 Qf4+
45. Kg2 Bc4 46. h5 gxh5 47. a4 h4 48. b5 Qg3+ 49. Kh1 Bd5# 0-1

[Event "Lietuvos BM10-BM18"]
[Site "Vilnius"]
[Date "2021.06.03"]
[Round "2.5"]
[White "Meskauskaite, Gabija"]
[Black "Ravlusevic, Evelina"]
[Result "0-1"]
[WhiteElo "1205"]
[BlackElo "1749"]
[PlyCount "110"]
[EventDate "2021.??.??"]

1. e4 c5 2. c3 Nf6 3. e5 Nd5 4. d4 cxd4 5. cxd4 d6 6. Nf3 Nc6 7. Nc3 Nxc3 8.
bxc3 e6 9. Bb5 Bd7 10. O-O Be7 11. Qd3 Qa5 12. a4 a6 13. Bb2 Qc7 14. Bc4 dxe5
15. d5 exd5 16. Bxd5 O-O 17. Rfe1 Rad8 18. Qe3 Bf6 19. Ba3 Rfe8 20. Ng5 Bxg5
21. Qxg5 Bc8 22. Rad1 Qa5 23. Bxc6 Rxd1 24. Rxd1 bxc6 25. Qd2 f6 26. Qc2 Be6
27. Rb1 c5 28. h3 Bf7 29. Rb7 Rd8 30. Bc1 c4 31. Be3 Qd5 32. Qb2 Be8 33. Rb6
Bc6 34. f3 e4 35. fxe4 Qxe4 36. Bd4 Bxa4 37. Rxa6 Bb3 38. Ra1 Re8 39. Qf2 Bc2
40. Rc1 Bd3 41. Qg3 Kh8 42. Ra1 h5 43. h4 Be2 44. Re1 Qd3 45. Qf2 Re4 46. Ra1
Rg4 47. Re1 Bf3 48. g3 Bd5 49. Be3 Qe4 50. Kh2 Qd3 51. Rc1 Re4 52. Re1 Qxc3 53.
Qd2 Qe5 54. Qc1 Rxh4+ 55. Kg1 Qxg3+ 0-1

[Event "Lietuvos BM10-BM18"]
[Site "Vilnius"]
[Date "2021.06.03"]
[Round "2.6"]
[White "Greicius, Pijus"]
[Black "Scekaciov, Rostislav"]
[Result "1/2-1/2"]
[WhiteElo "2004"]
[BlackElo "1515"]
[PlyCount "79"]
[EventDate "2021.??.??"]

1. d4 d5 2. c4 e6 3. Nc3 Nf6 4. cxd5 exd5 5. Bg5 Be7 6. e3 h6 7. Bh4 c6 8. Bd3
O-O 9. Nf3 Nbd7 10. O-O Re8 11. Qc2 a6 12. Rab1 Bd6 13. b4 Qe7 14. Qb2 Qf8 15.
Nd2 Bc7 16. a4 b5 17. Rfc1 g5 18. Bg3 Bxg3 19. hxg3 Nb6 20. Nf3 Qd6 21. a5 Nc4
22. Qa2 Be6 23. Re1 Rad8 24. Red1 Re7 25. Nd2 Bg4 26. Rdc1 Rde8 27. Nb3 Bc8 28.
Nc5 Nxe3 29. fxe3 Rxe3 30. Rf1 Ng4 31. Ne2 Bd7 32. Rf3 Rxf3 33. gxf3 Ne3 34.
Kf2 Bc8 35. Re1 Qf6 36. Rg1 Ng4+ 37. Ke1 Qxf3 38. Kd2 Rxe2+ 39. Bxe2 Qe3+ 40.
Kc2 1/2-1/2

[Event "Lietuvos BM10-BM18"]
[Site "Vilnius"]
[Date "2021.06.03"]
[Round "2.7"]
[White "Norkeliunas, Matas"]
[Black "Kuznecovas, Kevinas"]
[Result "1-0"]
[WhiteElo "1533"]
[BlackElo "1978"]
[PlyCount "81"]
[EventDate "2021.??.??"]

1. b4 e5 2. Bb2 f6 3. e3 d5 4. a3 Be6 5. Be2 Nh6 6. Nf3 Bd6 7. h3 Nd7 8. O-O
O-O 9. d4 e4 10. Nfd2 Nf5 11. Bg4 Nb6 12. c4 Nxc4 13. Nxc4 dxc4 14. Nd2 Qd7 15.
Nxe4 Ne7 16. Bxe6+ Qxe6 17. Nd2 b5 18. Re1 Nd5 19. Qc2 c6 20. Ne4 f5 21. Nc3
Nb6 22. e4 Rae8 23. Qd2 f4 24. d5 Qg6 25. f3 Be5 26. Rad1 Rd8 27. Qf2 Bxc3 28.
Bxc3 cxd5 29. exd5 Nxd5 30. Bd4 a6 31. Bc5 Rf7 32. Rxd5 Rc8 33. Qd2 h6 34. Rd8+
Rxd8 35. Qxd8+ Kh7 36. Re8 Qb1+ 37. Kh2 c3 38. Qd5 c2 39. Qe4+ g6 40. Bd4 Rg7
41. Re7 1-0

[Event "Lietuvos BM10-BM18"]
[Site "Vilnius"]
[Date "2021.06.03"]
[Round "2.8"]
[White "Norkunas, Azuolas"]
[Black "Leclere, Daniel"]
[Result "0-1"]
[WhiteElo "1507"]
[BlackElo "1800"]
[PlyCount "110"]
[EventDate "2021.??.??"]

1. e4 e5 2. Nf3 Nc6 3. Bb5 a6 4. Ba4 Nf6 5. O-O Be7 6. c3 Nxe4 7. Re1 Nc5 8.
Bxc6 dxc6 9. Nxe5 Nd3 10. Qf3 Nxe5 11. Rxe5 O-O 12. d4 Bd6 13. Re1 Qh4 14. g3
Bg4 15. Qg2 Qh5 16. f4 Rfe8 17. Be3 Re6 18. Nd2 Rae8 19. Qf2 c5 20. dxc5 Bxc5
21. Bxc5 Rxe1+ 22. Rxe1 Rxe1+ 23. Qxe1 Qxc5+ 24. Qf2 Qb5 25. Qd4 h6 26. c4 Qe8
27. Qe4 Qd7 28. Qe3 Qa4 29. Qb3 Qa5 30. Qe3 Be6 31. a3 Qa4 32. Qb3 Qxb3 33.
Nxb3 Bxc4 34. Nd4 g6 35. Kf2 Kf8 36. Nf3 Ke7 37. Ne5 Ba2 38. Ke3 c5 39. b4 Kd6
40. Kd3 cxb4 41. axb4 h5 42. Kd4 b6 43. h3 Bd5 44. h4 a5 45. bxa5 bxa5 46. g4
hxg4 47. Nxg4 a4 48. f5 gxf5 49. Ne3 Be6 50. h5 Ke7 51. Ng2 Kf6 52. Nf4 Kg5 53.
Kc3 Bb3 54. Kb4 f6 55. Ka3 Kxf4 0-1

[Event "Lietuvos BM10-BM18"]
[Site "Vilnius"]
[Date "2021.06.03"]
[Round "2.9"]
[White "Vizinis, Jonas"]
[Black "Povilaitis, Matas"]
[Result "1/2-1/2"]
[WhiteElo "1448"]
[BlackElo "1625"]
[PlyCount "142"]
[EventDate "2021.??.??"]

1. e4 c5 2. Nf3 Nc6 3. d4 cxd4 4. Nxd4 e5 5. Nf3 Nf6 6. Nc3 Bb4 7. Bd3 d5 8.
O-O Bxc3 9. exd5 Qxd5 10. bxc3 Bg4 11. c4 Qd7 12. h3 Bh5 13. Re1 O-O-O 14. Bb2
Rhe8 15. Bf1 Qxd1 16. Raxd1 Rxd1 17. Rxd1 Bxf3 18. gxf3 Rd8 19. Re1 Nd7 20. Bd3
g6 21. Be4 f6 22. a3 Kc7 23. Kg2 Re8 24. Bc3 Nc5 25. Bd5 Ne6 26. Bb2 Nf4+ 27.
Kg3 Rd8 28. Be4 Na5 29. Bc1 Nh5+ 30. Kg2 Nxc4 31. Bd3 Nb6 32. h4 Nd5 33. Kf1
Ndf4 34. Bc4 Rd4 35. Bb3 Rd8 36. Be3 b6 37. a4 Nd5 38. Bc1 Ne7 39. f4 Nc6 40.
fxe5 Nxe5 41. Bb2 Re8 42. Re3 Nf4 43. Re4 Nh5 44. Kg2 Ng7 45. f4 Nd7 46. Rc4+
Kb8 47. Ba3 Nf5 48. Kh3 Re3+ 49. Kh2 Re2+ 50. Kh3 Re3+ 51. Kh2 Nc5 52. Bxc5
bxc5 53. Rxc5 Nxh4 54. a5 Nf3+ 55. Kg2 Nd4 56. Bg8 h6 57. c4 g5 58. fxg5 hxg5
59. a6 Re5 60. Bd5 f5 61. Ra5 f4 62. Ra2 Re2+ 63. Rxe2 Nxe2 64. Kf3 Nd4+ 65.
Kg4 f3 66. Bxf3 Nxf3 67. Kxf3 Kc7 68. Kg4 Kb6 69. Kxg5 Kxa6 70. Kf4 Kb6 71. Ke4
Kc5 1/2-1/2

[Event "Lietuvos BM10-BM18"]
[Site "Vilnius"]
[Date "2021.06.03"]
[Round "2.10"]
[White "Povilaitis, Tomas"]
[Black "Raugevicius, Matas"]
[Result "1/2-1/2"]
[WhiteElo "1903"]
[BlackElo "1216"]
[PlyCount "177"]
[EventDate "2021.??.??"]

1. e4 e5 2. Nf3 Nc6 3. d4 exd4 4. Nxd4 Bc5 5. Nb3 Bb6 6. Nc3 Nf6 7. Qe2 O-O 8.
Be3 d5 9. O-O-O d4 10. Bg5 h6 11. Bh4 Re8 12. Nd5 g5 13. Nxf6+ Qxf6 14. Bg3 Be6
15. f3 a5 16. a3 d3 17. Qxd3 Rad8 18. Qe2 Rxd1+ 19. Qxd1 Rd8 20. Qe1 a4 21. Na1
Qd4 22. Bd3 Bc5 23. Kb1 Ne5 24. Bxe5 Qxe5 25. h4 Rd6 26. Qa5 Rb6 27. c3 Qd6 28.
Nc2 Bxa3 29. Bb5 Bc5 30. hxg5 hxg5 31. Qa8+ Qf8 32. Qxf8+ Bxf8 33. Bxa4 Bg7 34.
Kc1 Rd6 35. Rd1 Rxd1+ 36. Kxd1 c6 37. Ne1 b5 38. Bc2 b4 39. cxb4 Bxb2 40. Ba4
Bd7 41. Nd3 Bd4 42. Kc2 Kf8 43. Nc5 Ke7 44. Kd3 Be5 45. Bb3 f6 46. Ba4 Kd6 47.
Ke3 Bc3 48. Nd3 Be6 49. b5 cxb5 50. Bxb5 Be5 51. Ba6 f5 52. Nf2 Bf4+ 53. Ke2
fxe4 54. Nxe4+ Ke5 55. g3 Bc1 56. Nc5 Ba3 57. Nd3+ Kf6 58. Kf1 Bd6 59. Kg2 Bd5
60. Bc8 Bc6 61. Nf2 Kg6 62. Ng4 Ba8 63. Ne3 Be5 64. Bf5+ Kf6 65. Be4 Bxe4 66.
fxe4 Bb8 67. Kf3 Ke6 68. Nc4 Bc7 69. Kg4 Bd8 70. Nd2 Ke5 71. Nf3+ Kxe4 72.
Nxg5+ Kd5 73. Kf5 Ba5 74. Ne4 Be1 75. g4 Bh4 76. Nd2 Kd6 77. Nf3 Bd8 78. Ng5
Ke7 79. Ne6 Ba5 80. g5 Kf7 81. g6+ Kg8 82. Nc5 Bc3 83. Ne4 Bb2 84. Nd6 Kg7 85.
Ne8+ Kg8 86. Nf6+ Bxf6 87. Kxf6 Kf8 88. g7+ Kg8 89. Kg6 1/2-1/2

[Event "Lietuvos BM10-BM18"]
[Site "Vilnius"]
[Date "2021.06.03"]
[Round "2.11"]
[White "Pidluznij, Gleb"]
[Black "Saviciauskas, Germantas"]
[Result "1-0"]
[WhiteElo "2016"]
[BlackElo "1215"]
[PlyCount "75"]
[EventDate "2021.??.??"]

1. d4 d5 2. c4 c6 3. Nf3 Nf6 4. Nc3 e6 5. g3 Nbd7 6. Bg2 Be7 7. O-O O-O 8. Qd3
c5 9. cxd5 exd5 10. dxc5 Nxc5 11. Qc2 d4 12. Rd1 Ne6 13. e3 Bc5 14. exd4 Bb6
15. d5 Nc7 16. h3 h6 17. Ne5 Re8 18. Nc4 Bc5 19. d6 Na6 20. Be3 Bxe3 21. Nxe3
Rb8 22. Nb5 Qb6 23. Nc7 Nxc7 24. Qxc7 Be6 25. Qxb6 axb6 26. Rd4 Red8 27. a3 Rd7
28. f4 g6 29. g4 Rbd8 30. f5 gxf5 31. gxf5 Bb3 32. Rb4 Bd5 33. Nxd5 Nxd5 34.
Rg4+ Kf8 35. Bxd5 Rxd6 36. Bxb7 Rd1+ 37. Rxd1 Rxd1+ 38. Kh2 1-0

[Event "Lietuvos BM10-BM18"]
[Site "Vilnius"]
[Date "2021.06.03"]
[Round "2.12"]
[White "Buika, Dovydas"]
[Black "Rudzkis, Vilius"]
[Result "0-1"]
[WhiteElo "1187"]
[BlackElo "1811"]
[PlyCount "96"]
[EventDate "2021.??.??"]

1. e4 c5 2. Nf3 Nc6 3. d4 cxd4 4. Nxd4 Nf6 5. Nc3 e5 6. Nb3 Bb4 7. Bc4 O-O 8.
Bg5 h6 9. Bxf6 Qxf6 10. O-O Bxc3 11. bxc3 d6 12. Qd2 Be6 13. Bxe6 Qxe6 14. Rfd1
Rad8 15. Qd5 Qg6 16. Rd3 Kh7 17. Rf1 f5 18. f3 f4 19. Na5 Nxa5 20. Qxa5 a6 21.
Rb1 Rd7 22. Rb6 Qf6 23. Qb4 Qh4 24. Rd1 Rc8 25. Rbxd6 Rcd8 26. Kf1 a5 27. Qc5
Qe7 28. Rxd7 Qxc5 29. Rxd8 Qxc3 30. R8d2 b6 31. Rd3 Qxc2 32. R1d2 Qc4 33. Ke1
Qc5 34. Kf1 a4 35. a3 b5 36. Re2 b4 37. axb4 Qxb4 38. Rdd2 a3 39. Ra2 Kg6 40.
h3 Kh5 41. Kg1 g5 42. Kh2 Kg6 43. Kg1 h5 44. Kf1 g4 45. hxg4 hxg4 46. fxg4 Kg5
47. Kf2 Kxg4 48. Kf1 Kg3 0-1

[Event "Lietuvos BM10-BM18"]
[Site "Vilnius"]
[Date "2021.06.03"]
[Round "2.13"]
[White "Milius, Ignas"]
[Black "Spevak, Dovydas"]
[Result "1-0"]
[WhiteElo "1331"]
[BlackElo "1170"]
[PlyCount "120"]
[EventDate "2021.??.??"]

1. e4 e5 2. Nc3 Nc6 3. Bc4 Bc5 4. d3 d6 5. Nf3 Bg4 6. Be3 Nd4 7. Bxd4 Bxd4 8.
Nb5 c6 9. Nbxd4 exd4 10. h3 Bxf3 11. Qxf3 Qa5+ 12. Ke2 Nf6 13. Qg3 Qh5+ 14. Kf1
O-O 15. Qxd6 Rad8 16. Qf4 a5 17. a3 Qc5 18. Qf5 Qb6 19. Rb1 h6 20. g4 Qc7 21.
h4 b5 22. Ba2 Qd7 23. Qxd7 Rxd7 24. g5 Ng4 25. gxh6 Nxh6 26. Rg1 Kh7 27. Ke2 f5
28. f3 fxe4 29. dxe4 Re7 30. Rg5 Rf4 31. Rd1 Nf5 32. Rg4 Rxg4 33. fxg4 Rxe4+
34. Kf3 Rxg4 35. Kxg4 Ne3+ 36. Kf4 Nxd1 37. Ke4 Nxb2 38. Kxd4 Na4 39. Bb3 Kg6
40. Bxa4 bxa4 41. Kc5 Kh5 42. Kxc6 Kxh4 43. c4 g5 44. c5 g4 45. Kb7 g3 46. c6
g2 47. c7 g1=Q 48. c8=Q Qg7+ 49. Ka6 Qe5 50. Qc4+ Kg5 51. Qxa4 Qd6+ 52. Kxa5
Kf6 53. Qb4 Qd3 54. Qc5 Ke6 55. Kb6 Qb3+ 56. Kc7 Qa4 57. Qc6+ Qxc6+ 58. Kxc6
Ke7 59. Kc7 Ke6 60. a4 Kd5 1-0

[Event "Lietuvos BM10-BM18"]
[Site "Vilnius"]
[Date "2021.06.03"]
[Round "2.16"]
[White "Gerasimov, Igor"]
[Black "Morkunas, Gustas"]
[Result "0-1"]
[WhiteElo "1146"]
[BlackElo "1704"]
[PlyCount "58"]
[EventDate "2021.??.??"]

1. d4 Nf6 2. c4 g6 3. Nc3 Bg7 4. e4 d6 5. Be2 O-O 6. Bg5 Na6 7. Qd2 e5 8. d5
Qe8 9. f3 Nh5 10. g4 Nf4 11. O-O-O f6 12. Bxf4 exf4 13. Kb1 f5 14. gxf5 gxf5
15. Bd3 Nc5 16. Nge2 Qe5 17. Bc2 Bd7 18. Rde1 Rae8 19. Nc1 fxe4 20. Bxe4 Bf5
21. Ka1 Qf6 22. Bxf5 Qxf5 23. Ne4 Nxe4 24. Rxe4 Rxe4 25. fxe4 Qxe4 26. Rg1 Kh8
27. Qb4 f3 28. Rf1 f2 29. Qd2 Qxc4 0-1

[Event "Lietuvos BM10-BM18"]
[Site "Vilnius"]
[Date "2021.06.03"]
[Round "2.17"]
[White "Bazilius, Augustinas"]
[Black "Satkauskas, Benediktas"]
[Result "1-0"]
[WhiteElo "1683"]
[BlackElo "1134"]
[PlyCount "77"]
[EventDate "2021.??.??"]

1. d4 d5 2. c4 c6 3. Nf3 Nf6 4. g3 Bf5 5. Bg2 e6 6. O-O Be7 7. Nc3 O-O 8. Nd2
Nbd7 9. e4 dxe4 10. Ndxe4 Nxe4 11. Nxe4 Nf6 12. Nxf6+ Bxf6 13. Be3 Qb6 14. Qd2
Rad8 15. Rad1 Rd7 16. d5 c5 17. b4 Be7 18. d6 Rxd6 19. bxc5 Rxd2 20. cxb6 Rxd1
21. Rxd1 axb6 22. Bxb7 e5 23. Rd5 f6 24. Rb5 Bd3 25. Bd5+ Kh8 26. Rxb6 Rc8 27.
c5 Bf5 28. c6 Rd8 29. c7 Rc8 30. Rb8 Bd6 31. Rxc8+ Bxc8 32. Bb6 Ba3 33. Kf1 g6
34. Ke2 Kg7 35. Kd3 Kf8 36. Kc4 Ke8 37. Bc6+ Ke7 38. Bc5+ Bxc5 39. Kxc5 1-0